| 000 | 01233nam a22003017a 4500 | ||
|---|---|---|---|
| 999 |
_c29501 _d29472 |
||
| 003 | EG-ScBUE | ||
| 005 | 20210926141122.0 | ||
| 008 | 210925s2001 su f b 000 0 ara d | ||
| 017 | _a21/5003 | ||
| 020 | _a9960387798 | ||
| 040 |
_aEG-ScBUE _bara _erda _cEG-ScBUE _dEG-ScBUE |
||
| 043 | _aar----- | ||
| 082 | 0 | 4 |
_a338.27282 _bج هـ ن _222 |
| 100 | 1 |
_aالجهني، عيد بن مسعود، _eمؤلف. _917700 |
|
| 245 | 1 | 0 |
_aصراع النفط العالمي ومستقبل نفط الخليج العربي / _cالدكتور عيد بن مسعود الجهني. |
| 250 | _aالطبعة الأولى. | ||
| 264 | 1 |
_aالرياض ؛ _aالقاهرة : _bمنشورات مركز الخليج العربي للطاقة والدراسات الاستراتيجية، _c2001. |
|
| 300 |
_a493 صفحة ؛ _c26 سم |
||
| 336 |
_2rdacontent _aنص _btxt |
||
| 337 |
_2rdamedia _aبدون وسيط _bn |
||
| 338 |
_2rdacarrier _aمجلد _bnc |
||
| 504 | _aيشتمل على إرجاعات ببليوجرافية. | ||
| 541 | _cDonation. | ||
| 650 | 7 |
_aالبترول _xاقتصاديات _zدول الخليج العربي. _2BUEsh |
|
| 653 | 7 |
_aBUEsh _bGGEN _cSeptember2021 |
|
| 655 | 7 |
_2BUEsh _vReading book _934232 |
|
| 942 | _2ddc | ||